| 000 | 00933nam a22001817a 4500 | ||
|---|---|---|---|
| 999 |
_c63631 _d63631 |
||
| 003 | Ge_BSU | ||
| 005 | 20251119160458.0 | ||
| 008 | 251119s1983 ge ||||| |||| 00| 0 geo d | ||
| 041 | _ageo | ||
| 080 | _a330.1 :330.342.152 ქ-66 | ||
| 100 |
_aქორიძე, დიმიტრი _926275 |
||
| 245 |
_aკომუნისტური ფორმაციის პოლიტიკური ეკონომიის პრობლემები : _bეკონომიკური თეორია, პრაქტიკა, პერსპექტივა / _cდიმიტრი ქორიძე. |
||
| 264 |
_aთბ. : _bგანათლება, _c1983. |
||
| 300 |
_a522გვ. ; _b22სმ. |
||
| 504 | _aბიბლიოგრ. ტექსტის შენიშვნებში. | ||
| 653 | _aკომუნისტური წარმოების წესი | ||
| 942 |
_2udc _cBK |
||